Airlines By Picture VERY EASY! - Statistics

General Stats
  • This quiz has been taken 16 times
  • The average score is 9 of 16
Answer Stats
Picture Answer % Correct
Emirates
93%
British Airways
87%
Ryanair
67%
UPS
67%
Wizz Air
67%
Iberia
60%
Lion Air
60%
Singapore Airlines
60%
Icelandair
53%
Southwest Airlines
53%
Surinam Airways
53%
LOT Polish Airlines
47%
KLM Royal Dutch Airlines
33%
Qantas Airways
33%
Malaysia Airlines Cargo
20%
Transaero
20%
No matching quizzes found
Score Distribution
Percent of People with Each Score
Percentile by Number Answered
Your Score History
You have not taken this quiz